000 00958nam a2200253Ia 4500
003 OSt
005 20220923222111.0
006 a|||||r|||| 00| 0
007 ta
008 220922b |||||||| |||| 00| 0 hin d
024 _a203,042
037 _cTextual
040 _aARTS
_cARTS
_bhin
041 _2hin
_ahin
082 _aO157,1M88w, 152N0
100 _aनाथ, द्विजेन्द्रलाल; घोष, मीता, अनु.
_9165939
245 0 _aमोहितलाल मजूमदार
246 _aMohitalāl majūmadāra
260 _aनई दिल्ली
_b साहित्य अकादमी
_c1990
300 _a88पृ.
_ccm.
490 _aभारतीय साहित्य के निर्माता
942 _hO157,1M88w, 152N0
_cTEXL
_2CC
999 _c353823
_d353823